00654nam a22001337a 4500008004100000040005500041080002600096245016000122260003900282300001400321500014900335650001400484653002200498230728b |||||||| |||| 00| 0 eng d aNational Science LibrarycNational Science Library a338.924(6)(082.2)bK7 aIndustrial development in Africac/ Selected documents presented to the symposium on Industrial Development in Africa Cairo, 27 January - 10 February 1966  aNew York: bUnited Nations, c1967 avi, 307p. aPart 1. Progress and problems of industrialization Part 2. Country reports: Cameroon, Ethiopia, Kenya Niger, Sudan, United Arab Republic, Zambia aEconomics aForest industries